000 01219nam a22002897a 4500
003 CBULib
005 20240813074152.0
008 230817b |||||||| |||| 00| 0 eng d
040 _aCBULib
_bEnglish
_cCBULib
_erda
041 _aeng
050 _aBRE(05)CP/5/74
100 1 _9602
_aStark, G. W. V.
110 _aBuilding Research Establishment (BRE)
_9590
245 _aBuilding research establishment current paper : smoke and toxic gases from burning plastics
_c/ by Building Research Establishment(BRE)
260 _aBorehamwood :
_bBuilding Research Establishment,
_c[1972]
300 _a[10 pages]
336 _2rdacontent
_aText |
_btxt
337 _2rdamedia
_aUnmediated |
_bn
338 _2rdacarrier
_aVolume
_bnc
500 _aReprinted from the papers for the Joint Symposium on Prevention and Control of Fires in Ships, pp25-34, held by The Institute of Marine Engineers and the Royal institution of Naval Architects on 20 June 1972
504 _aIncludes references
611 0 _9603
_aJOINT SYMPOSIUM ON PREVENTION AND CONTROL OF FIRES IN SHIPS
650 0 _9604
_aPLASTICS--FIRES AND FIRE PREVENTION
650 0 _9605
_aPLASTICS--TOXICOLOGY
650 0 _9606
_aFIRE TESTING
942 _2mc
_c029
999 _c81266
_d81266